MARC

LEADER 00000nam0a2200000 4500
001 68294
005 20231101212356.0
035 |a (RuTPU)RU\TPU\book\72716 
090 |a 68294 
100 |a 20041004d1944 k y0rusy50 ca 
101 0 |a rus 
102 |a RU 
105 |a a z 001zy 
200 1 |a К топогеохимии магматического Среднего Урала  |f М. Н. Ивантишин  |g Академия наук СССР (АН СССР), Уральский филиал (УФ), Горно-геологический институт 
210 |a Свердловск  |c Изд-во УФ АН СССР  |d 1944 
215 |a 60 с.  |c ил. 
225 1 |a Труды Горно-геологического института  |v Вып. 4 
320 |a Библиогр.: с. 58-60. 
606 1 |a Рудные месторождения, магматические  |2 stltpush  |3 (RuTPU)RU\TPU\subj\25982  |9 50010 
610 1 |a Средний Урал 
610 1 |a топогеохимия 
610 1 |a палеозой 
610 1 |a оруденение 
610 1 |a щелочные породы 
610 1 |a зональность 
610 1 |a оловоносность 
675 |a 553.3/.4.062  |v 3 
700 1 |a Ивантишин  |b М. Н. 
712 0 2 |a Академия наук СССР (АН СССР)  |b Уральский филиал (УФ)  |b Горно-геологический институт  |c (Свердловск)  |c (1939-1962)  |2 stltpush  |3 (RuTPU)RU\TPU\col\18550 
801 1 |a RU  |b 63413507  |c 20041004  |g PSBO 
801 2 |a RU  |b 63413507  |c 20181011  |g PSBO 
942 |c BK